| 000 | 00438cam a2200181ua 4500 | ||
|---|---|---|---|
| 020 | _cRs 1.50 | ||
| 041 |
_amal _h |
||
| 082 |
_a894.812 1 _bAPP/PO |
||
| 100 | _aAppan, Thacheth . | ||
| 245 |
_aPoopalika / _cAppan Thacheth. _hTextual Documents |
||
| 260 |
_aThrissur : _bCurrent Books , _c1963. |
||
| 300 | _a100 ; . | ||
| 365 | _aRs 1.50 | ||
| 504 | _a | ||
| 650 | _aPoems - Malayalam | ||
| 942 | _cBK | ||
| 999 |
_c595 _d595 |
||